000
00313nam a22001337a 4500
008
181001b xxu||||| |||| 00| 0 eng d
020
_a
9780195440201
041
_a
eng
080
_a
574
100
_a
9
101
_a
MJE
245
_a
Introduction International Develo[pment
_c
Hsaslam.P.A
942
_2
udc
_c
BK
999
_c
48716
_d
48716